000 00319nam a22001337a 4500
008 181016b xxu||||| |||| 00| 0 eng d
020 _a9780024024817
041 _aeng
080 _a316
100 _a50
101 _aSOC
245 _aThe Convergence of Race, Ethnicity, and Gender
_cRobinson,T.L
942 _2udc
_cBK
999 _c49851
_d49851